书目信息 |
| 题名: |
3ds Max效果图制作案例教程
|
|
| 作者: | 廖洪建 , 吴智勇 主编 | |
| 分册: | ||
| 出版信息: | 北京 北京邮电大学出版社 2015.09 |
|
| 页数: | 245页 | |
| 开本: | 26cm | |
| 丛书名: | ||
| 单 册: | ||
| 中图分类: | TP391.414 , TP391.41 | |
| 科图分类: | ||
| 主题词: | 三维动画软件--教材 | |
| 电子资源: | ||
| ISBN: | 978-7-5635-4453-0 | |
| 000 | 00964nam0 2200253 450 | |
| 001 | 5215 | |
| 005 | 20181014152720.88 | |
| 010 | @a978-7-5635-4453-0@dCNY69.80 | |
| 100 | @a20160112d2015 em y0chiy50 ea | |
| 101 | 0 | @achi |
| 102 | @aCN@b110000 | |
| 105 | @aa z 000yy | |
| 200 | 1 | @a3ds Max效果图制作案例教程@93ds Max xiao guo tu zhi zuo an li jiao cheng@b专著@f廖洪建,吴智勇主编 |
| 210 | @a北京@c北京邮电大学出版社@d2015.09 | |
| 215 | @a245页@c图@d26cm | |
| 330 | @a本书全面介绍3ds Max 2014的基本功能及实际运用。全书共10章,包括3ds Max初级知识、基本操作、三维建模、二维建模、高级建模、材质与贴图、灯光与摄影机、渲染输出与后期处理、书房效果图的表现、住宅楼效果图的表现。 | |
| 606 | 0 | @a三维动画软件@j教材 |
| 610 | 0 | @a3ds Max |
| 690 | @aTP391.414@v5 | |
| 690 | @aTP391.41@v4 | |
| 701 | 0 | @a廖洪建@9liao hong jian@f(1977-)@4主编 |
| 701 | 0 | @a吴智勇@9wu zhi yong@c(职业技术)@4主编 |
| 801 | 0 | @aCN@b91MARC@c20160516 |
| 905 | @aMuseLib@dTP391.41@e1634 | |
| 3ds Max效果图制作案例教程/廖洪建,吴智勇主编.-北京:北京邮电大学出版社,2015.09 |
| 245页:图;26cm |
| ISBN 978-7-5635-4453-0:CNY69.80 |
| 本书全面介绍3ds Max 2014的基本功能及实际运用。全书共10章,包括3ds Max初级知识、基本操作、三维建模、二维建模、高级建模、材质与贴图、灯光与摄影机、渲染输出与后期处理、书房效果图的表现、住宅楼效果图的表现。 |
| ● |
| 相关链接 |
|
|
|
|
正题名:3ds Max效果图制作案例教程
索取号:TP391.41/1634
 
预约/预借
| 序号 | 登录号 | 条形码 | 馆藏地/架位号 | 状态 | 备注 |
| 1 | 1128644 | 211286446 | 第二样本阅览室/ [索取号:TP391.41/1634] | 在馆 | |
| 2 | 1128645 | 211286455 | 第三借阅区/ [索取号:TP391.41/1634] | 在馆 | |
| 3 | 1128646 | 211286464 | 第三借阅区/ [索取号:TP391.41/1634] | 在馆 | |
| 4 | 1128647 | 211286473 | 第三借阅区/ [索取号:TP391.41/1634] | 在馆 | |
| 5 | 1128648 | 211286482 | 第三借阅区/ [索取号:TP391.41/1634] | 在馆 |